00380nam a2200121Ia 4500003000400000005001700004008004100021040001800062041000800080100004200088245009200130260003600222OSt20260116113421.0211028s2013 xx 000 0 und d cAIMIT LIBRARY aeng aKhazi, Fahiz;Kairanna, Snehag1116044 aStudy on customer satisfaction regarding service provided by mandovi motors Mangalore / aMangalorebSneha Kairannac2013